Normal view
MARC view
- SWITCHING THEORY.LOGIC DESIGN
Entry Topical Term
001 - CONTROL NUMBER
- control field: 68565
003 - CONTROL NUMBER IDENTIFIER
- control field: NUST
005 - DATE AND TIME OF LATEST TRANSACTION
- control field: 20210628204052.0
008 - FIXED-LENGTH DATA ELEMENTS
- fixed length control field: 210628|| aca||aabn | a|a d
040 ## - CATALOGING SOURCE
- Original cataloging agency: NUST
- Transcribing agency: NUST
150 ## - HEADING--TOPICAL TERM
- Topical term or geographic name entry element: SWITCHING THEORY.LOGIC DESIGN
670 ## - SOURCE DATA FOUND
- Source citation: Work cat.: (NUST): Kumar, A. Anand 57201, Switching theory and logic design, 2012
